| 000 | 01468cam a22003374a 4500 | ||
|---|---|---|---|
| 999 |
_c127006 _d127006 |
||
| 001 | 13034624 | ||
| 003 | ARRUPE | ||
| 005 | 20171003093149.0 | ||
| 008 | 021219s2003 enk b 001 0 eng | ||
| 010 | _a 2002155694 | ||
| 020 | _a0195158539 | ||
| 020 | _a0195091833 (pbk.) | ||
| 040 |
_aDLC _cDLC _dDLC |
||
| 041 | 1 |
_aeng _hlat |
|
| 042 | _apcc | ||
| 050 | 0 | 0 |
_aBJ1400 _b.T4813 2003 |
| 082 | 0 | 0 |
_a111/.84 _221 |
| 100 | 0 |
_aThomas, _cAquinas, Saint, _d1225?-1274. _936639 |
|
| 245 | 1 | 0 |
_aOn evil / _cThomas Aquinas ; translated by Richard Regan ; edited with an introduction and notes by Brian Davies. |
| 260 |
_aOxford ; _aNew York : _bOxford University Press, _c2003. |
||
| 300 |
_axviii, 540 p. ; _c24 cm. |
||
| 504 | _aIncludes bibliographical references (p. 531-535) and index. | ||
| 650 | 0 |
_aGood and evil. _936640 |
|
| 650 | 0 |
_aSin _xChristianity. _936641 |
|
| 700 | 1 |
_aRegan, Richard J. _936642 |
|
| 700 | 1 |
_aDavies, Brian, _d1951- _99292 |
|
| 856 | 4 | 2 |
_3Publisher description _uhttp://www.loc.gov/catdir/enhancements/fy0613/2002155694-d.html |
| 906 |
_a7 _bcbc _corignew _d1 _eecip _f20 _gy-gencatlg |
||
| 942 |
_2lcc _cMONOGRAPH |
||